| 000 | 00782nam a2200217Ia 4500 | ||
|---|---|---|---|
| 999 |
_c41546 _d41546 |
||
| 001 | 8214 | ||
| 003 | GE_BSU | ||
| 005 | 20240712121813.0 | ||
| 008 | 181216s2010||||ge |||||||||||||| ||geo|| | ||
| 040 | _cGE_BSU | ||
| 041 | _ageo | ||
| 080 | _a61:575(075.5) ჭ-49 | ||
| 100 |
_aჭიპაშვილი, მ. _9615 |
||
| 245 |
_aსამედიცინო გენეტიკა / _cმ. ჭიპაშვილი ; რედ. ელენე აბზიანიძე. |
||
| 264 |
_aთბილისი : _c2010. |
||
| 300 |
_a204 გვ. ; _c28 სმ. |
||
| 541 | _h20სმ. | ||
| 653 | _aსამედიცინო გენეტიკა | ||
| 700 |
_aაბზიანიძე, ელენე _eრედაქტორი _921784 |
||
| 942 |
_cBK _2udc |
||